000 01373cam a2200241 i 4500
999 _c12848
_d12848
003 OSt
005 20240729181738.0
008 210908s2021 enka 000 0 eng d
020 _a9781782217589
_q(pbk.) :
042 _alccopycat
082 0 4 _a743.836
_223
100 1 _aDutton, Robert
_c(Artist),
_eauthor.
245 1 0 _aDrawing dramatic landscapes :
_bnew ideas and innovative techniques using mixed media /
_cRobert Dutton.
300 _a159 pages :
_billustrations ;
_c28 cm.
490 0 _aThe innovative artist
505 0 _aIntroduction -- Materials and tools -- Expressive drawing -- Developing you personal language -- Towards abstraction.
520 _a"Explore exciting new ways of using graphite, charcoal and mixed media to create dramatic landscape drawings, under the expert tutelage of Robert Dutton. Discover how to work successfully in the field and complete your works in the studio, with a series of exercises and demonstrations using both familiar and unusual materials and tools. Robert's own drawn and painted landscapes are featured throughout the book to inspire you to experiment with innovative techniques and develop your own artistic style."--Back cover.
650 0 _aLandscape drawing
_xTechnique.
650 0 _aLandscapes in art.
650 7 _aLandscape drawing
_xTechnique.
_2fast
650 7 _aLandscapes in art.
_2fast
942 _2ddc